Name ALL JJT Difficulties - Statistics

General Stats
  • This quiz has been taken 1,620 times
  • The average score is 64 of 689
Answer Stats
Answer % Correct
.
100%
A
78%
D
68%
C
66%
The First Difficulty
64%
B
60%
Easy
57%
The Lower Gap
52%
Hard
49%
J
47%
Medium
46%
No
45%
Effortless
41%
The Final Difficulty
41%
Difficult
39%
Automatic
38%
Negativity
37%
Win
37%
Unimpossible
36%
WHY
36%
Y
36%
Insane
35%
Instant Win
35%
Nil
35%
DEATH
34%
Challenging
33%
Extreme
33%
HELL
33%
Intense
33%
Pi
33%
Remorseless
33%
Effortlessless
32%
Unlosable
32%
Unreal
32%
eRRoR
31%
Aleph
30%
Exist
30%
Horrific
30%
MegaDeath
30%
Null
30%
Skip
30%
Supreme
30%
Terrifying
30%
True Ease
30%
Catastrophic
29%
CAT-ASTROPHIC
29%
Joyful
29%
The Upper Gap
27%
Effortful
26%
Omega
26%
Press a Key
26%
TooEasy
26%
Ifinity
25%
Aleph-Null
24%
Climb a Truss
24%
Do Nothing
24%
Gar-Easy
24%
Neat
24%
TARTARUS
24%
Relax
23%
Dilly Impossible
22%
Friendly Possible
22%
Nullifying
22%
Phi
22%
CALAMITY
21%
D-I-E
21%
Just Air
21%
Malicious
21%
Relentless
21%
Tricky
21%
Tutorial
21%
Almost Unimpossible
20%
Gar-Effortless
20%
Gar-Hard
20%
Gar-Medium
20%
Infini
20%
Jumpless
20%
Normal
20%
Peaceful
20%
Pleasant
20%
RoorXD
20%
The Middleline
20%
Do Something
19%
Lovely
19%
Shattered Babass
19%
Suffer
19%
System Error
19%
HYPER
18%
Simple
18%
Sweet
18%
Tap to Move
18%
Ultimate
18%
Unhappy
18%
Unimaginable
18%
Gravel
17%
Penultimate
17%
Sugary
17%
Uber
17%
Cakewalk
16%
Delightful
16%
Gar-HELL
16%
Gar-Intense
16%
MAXIMUM OVERDRIVE
16%
Monstrous
16%
Piece o' Cake
16%
RoorHell
16%
Starter
16%
The Crystal Core
16%
The Human Limit
16%
Anguish
15%
Cor
15%
Dirt
15%
Epic
15%
Gar-Challenging
15%
Gar-Difficult
15%
Gar-Effortlessless
15%
Gar-Extreme
15%
Gar-Insane
15%
Gar-Remorseless
15%
Literal
15%
Playground
15%
Random
15%
Roll
15%
Ununpossible
15%
Autism
14%
Felix the Yes
14%
Gar-Nil
14%
Immeasurable
14%
Liminal
14%
Mazeophobia
14%
Placid
14%
Thanos
14%
The nigh
14%
Aesthetic
13%
Atom
13%
Babying
13%
CHAOS
13%
Factorial
13%
Gar-Catastrophic
13%
Gar-Horrific
13%
Gar-Terrifying
13%
Gar-Unreal
13%
Gar-Why
13%
Ghastly
13%
Grass
13%
Horrifying
13%
Ifinite-Easy
13%
Infinity
13%
Magnificent
13%
Onerous
13%
Reversed
13%
Calmness
12%
DELETE
12%
Easeful
12%
El Vacio
12%
Fatal Error
12%
Flowerness
12%
Gar-ERROR
12%
Gar-No
12%
Jesus Ballin
12%
Madness
12%
Nightmare
12%
Oblivion
12%
Pixel Art Easy
12%
Playful
12%
Quantum
12%
REALITY
12%
REEE... !!!
12%
THE BORDERLINE
12%
THE CURSED DIFFICULTY
12%
U DED SON
12%
Ultra
12%
Vortex
12%
Doog
11%
Dupreme
11%
Eccentric
11%
Gar-DEATH
11%
GigaDeath
11%
Hypreme
11%
Ifinite-Dot
11%
Jank
11%
Killjoying
11%
Pixel Art Hard
11%
Pixel Art Medium
11%
R15-Easy
11%
Rewardable
11%
The Sun
11%
Universal
11%
Vigorous
11%
Walking
11%
Absurd
10%
Annoying
10%
Champion
10%
D-E-L-T-A
10%
Gar-Nullifying
10%
Harming
10%
Ifinite-Ifinite-Ifinite
10%
Irritating
10%
KLJY
10%
Malicious-Zeta
10%
Maniacal
10%
Neutralize
10%
Nonexistent
10%
Noob Babass
10%
Pixelable
10%
Pixel Art Challenging
10%
Pixel Art Difficult
10%
Pixel Art Insane
10%
Pixel Art Remorseless
10%
Severe
10%
Simply Beyond
10%
Smore
10%
STOP
10%
UNTHINKABLE
10%
Victor
10%
WayTooHard
10%
Xi-Alpha
10%
Abyssal
9%
Apocalyptic
9%
Blank
9%
Destiny
9%
Destructive
9%
Illegal
9%
Meshuga
9%
Noxious
9%
Pixel Art Catastrophic
9%
Pixel Art Effortless
9%
Pixel Art Extreme
9%
Pixel Art Intense
9%
Pixel Art Terrifying
9%
Pixel Art Unreal
9%
Pixel Art Why
9%
Plants
9%
R15-Effortless
9%
R15-Hard
9%
TooPrecise
9%
Transcendence
9%
Transfinite
9%
Void
9%
Winter
9%
Absolute
8%
Aleph-Aleph-Null
8%
Aleph-Cow
8%
Aleph-Math
8%
BRAZIL
8%
Champion's Road
8%
COMMUNISM
8%
Construct
8%
Easy Cat
8%
Eldritch
8%
Enjoyment
8%
Everdark
8%
Exigent
8%
Four
8%
Hopeless
8%
Ifinite-Ifinite-Easy-Ifinite-Easy-Alpha-Easy-Null-Ifinite
8%
Incomprehensible
8%
OMEGADEATH
8%
Omnideath
8%
Pixel Art Horrific
8%
Pixel Art Nil
8%
Purgatory
8%
R15-Medium
8%
Serene Babass
8%
Terrific
8%
TooTooHard
8%
Treacherous
8%
TRUE HELL
8%
True Hell.
8%
Ultra Instinct
8%
Uneasy
8%
Unforgiving
8%
60mmm
7%
Agony
7%
Aleph-Something
7%
Aleph-Virus
7%
Aleph-VSC
7%
Angerable
7%
C0RrUpT
7%
Critical
7%
Cruel
7%
Demanding
7%
Destroiny
7%
Does Not Compute
7%
Error.exe
7%
Eternalized
7%
Eternified Partyness
7%
ExaDeath
7%
Hard Cat
7%
Harsh
7%
JJTVerse
7%
Medium Cat
7%
Misanthrope
7%
MOVE
7%
Nothing
7%
Oh Noez!
7%
Pixel Art Neat
7%
Pixel Art Relentless
7%
Pixel Art Tricky
7%
Primal Babass
7%
QR Code
7%
R15-Difficult
7%
R15-Horrific
7%
R15-Intense
7%
R15-Remorseless
7%
R15-Why
7%
Remorselessless
7%
SOHARD
7%
The Difficulty Rush
7%
Theta-Void
7%
Time
7%
Ultimaniac
7%
52!
6%
Absolutism
6%
Alarming
6%
Aleph-Moo
6%
Bad Request
6%
BobuxDeath
6%
Catch
6%
Confident
6%
Contradiction
6%
DEADLY TUBULAR DEATH
6%
Destruction
6%
Doom
6%
Effortless Cat
6%
Fungi
6%
Gar-Relentless
6%
Godlike
6%
Horrendous
6%
How?
6%
Hydration
6%
Leaves
6%
LOOP
6%
Malicatious
6%
Mechanical
6%
Missing
6%
Niflheim
6%
NOHARD
6%
Nought
6%
Quark
6%
R15-Catastrophic
6%
R15-Challenging
6%
R15-Extreme
6%
R15-Insane
6%
R15-Nil
6%
R15-Terrifying
6%
R15-Unreal
6%
Satan Tartarus Lucifer Void
6%
Spongebob
6%
Strenuous
6%
Sunt Vera Ultima
6%
Supreme-Null
6%
Terrible
6%
The Absolute Dilly Impossible
6%
Tool Assisted Speedrun
6%
Unhappy Slamo
6%
Unreasonable
6%
YottaDeath
6%
3rd Dimension
5%
ABSOLUTE INFINITY
5%
Aleph-DEATH
5%
Aleph-Void
5%
Atom Error
5%
Beyond.
5%
Challenging Cat
5%
Confusion
5%
DEATH Cat
5%
Desperate
5%
Difficult Cat
5%
Disarray
5%
File.png
5%
Galactic
5%
Glitcher
5%
HELLWRATH
5%
Iconealizer
5%
Inimical
5%
Insufferable
5%
Intense Cat
5%
Misery
5%
Plant Cell
5%
Prodigious
5%
Puzzling
5%
R15-eRRoR
5%
Rebirth I
5%
Rebirth II
5%
Reflectanceable
5%
Save File
5%
Schizophrenia
5%
Shocking
5%
Sketchy
5%
Terrifying Cat
5%
The Crystal HELL
5%
Theoretical
5%
The Ultimate Construct
5%
Tophattic
5%
Vacant
5%
Vicious
5%
YOSHI HAMMER
5%
11th Dimension
4%
4th Dimension
4%
Agreeable
4%
Are you done yet?
4%
Bar Code
4%
Cataclysm
4%
Complete: Users
4%
Country Error
4%
Cry About It
4%
Cryptic
4%
Devilish
4%
Dissension
4%
Dissonant
4%
DIvinity
4%
Doggo
4%
Domestic
4%
Energy
4%
Error Cat
4%
Errorisation
4%
Eshinion
4%
Eternity
4%
Exterrifiance
4%
Extreme Cat
4%
Fallen
4%
FalseGanar
4%
Gloomy
4%
Heart of the Void
4%
Heccy Impossible
4%
HELL Cat
4%
Horrific Cat
4%
HyperViolent
4%
Hyperwave
4%
Insane Cat
4%
John Cena Tycoon
4%
Limiting
4%
Maliciofied
4%
Massacre
4%
Mischievous
4%
Nil Cat
4%
No Cat
4%
Omega-Omega
4%
Omniscient
4%
PingDeath
4%
Psi
4%
Questionable
4%
Rebirth Hyper
4%
Rebirth III
4%
Rebirth IV
4%
Rebirth IX
4%
Rebirth Unimpossible
4%
Rebirth V
4%
Rebirth VI
4%
Rebirth VII
4%
Rebirth VIII
4%
Rebirth X
4%
Remorseless Cat
4%
Ringleader
4%
RoorOmega
4%
Supreme Cat
4%
Threatening
4%
TooRNG
4%
Trickery
4%
True Core
4%
Unbearable
4%
Unimaginable Cat
4%
Universal Glitch
4%
Universe Disruption
4%
Unreal Cat
4%
Viable
4%
Viratical
4%
Weyond
4%
WHY Cat
4%
Why Would You Do This
4%
Zenith
4%
Agitation
3%
Aleph-Eternity
3%
Aleph-Null Cat
3%
Aleph-TS
3%
Amalgam
3%
Asthenic
3%
Babass dficuklty
3%
Big Chungus
3%
Black Babass: Revamped
3%
Broken
3%
CALAMITY CAT
3%
Catchy
3%
CHAOS XD
3%
Choice
3%
Complete: Obstacles
3%
Cybreme
3%
Deathwrath
3%
Debatable
3%
Decimation
3%
Delusion
3%
Desmos
3%
Detrimental
3%
Difficultypedia
3%
Dullard
3%
Errosion
3%
Fabric of Space
3%
Glitch Core
3%
Googol
3%
Immeasurable Cat
3%
Inevitable
3%
Interruption
3%
IT TRANSCENDS ALL
3%
Malicious Cat
3%
Meaningless
3%
Monstrous Cat
3%
Nullified Acrimony
3%
Nullifying Cat
3%
Omnipotent
3%
Omnipresent
3%
Ostalute
3%
PaintDeath
3%
Planet Error
3%
Polish Cow
3%
Preon
3%
Rebirth Calmness
3%
Rhotic
3%
Rubik's Cube
3%
Silver
3%
Stardark
3%
Still
3%
Super-Void
3%
System Error Cat
3%
TARTARUS Cat
3%
Tetration
3%
TFN
3%
TheDiscordLimits
3%
The Final Accuracy
3%
TooAbnormal
3%
TooAleph
3%
TORMENT
3%
Transformiced
3%
Trigger
3%
True Obama Prism
3%
Universal Destruction
3%
Universe Error
3%
Uproarious
3%
Zerofied Niflheim
3%
Afflictive
2%
AZTEC
2%
Beanosception
2%
Conflicting
2%
Crillion
2%
Curation
2%
DEATHfinite
2%
Deranged.txt
2%
Disasterous
2%
Dolorem Aeterna
2%
Door
2%
Elite
2%
Endless Difficulty
2%
Engineer
2%
Enigmatic
2%
Entsetzlich
2%
Epsilon-Naught
2%
Erratic
2%
Errolusion
2%
Execution
2%
Fearfulness
2%
Grievous
2%
Heisenburg
2%
Honking Insanity
2%
Hyperversal Error
2%
Icy
2%
Linguistic
2%
Malignant
2%
Metaversal Error
2%
MiceHELL
2%
Multiverse Error
2%
Mythical Cat
2%
Nerdiness
2%
Obamium Ballin
2%
OmniOmega
2%
Parafron
2%
Persistent
2%
Planck Particle
2%
Potential
2%
Psychotic Hell
2%
Quantum Foam
2%
SAD FACE D:
2%
Senses
2%
Silent
2%
SUFFER Cat
2%
Super-Supreme
2%
T7
2%
TAILS DIVINITY
2%
Termination
2%
True Pain
2%
Ultimate Cat
2%
UNACCEPTABLE
2%
Unbeatable
2%
Unfathomably Impossible
2%
Unfortunate
2%
UNREACHABLE
2%
Virtual
2%
Vrery hawrfd rdifficutl!!
2%
Xist
2%
You Can't Do This
2%
3x3
1%
Aleph-Bad
1%
Aleph-Ballistic Wistfully
1%
Aleph-I-Dont-Even-Know-Anymore
1%
Aleph-TooNull
1%
Alogical Fate
1%
Burger Difficulty
1%
Calamitous
1%
Calldifficultyamplifying
1%
Cantyplax
1%
Chaotic Cat
1%
Conquest
1%
Console Chaos
1%
Derpy
1%
Difficultinate
1%
Electro: Reborn
1%
Envy
1%
Fair
1%
Far Reaches of Impossibility
1%
Fatal Curation
1%
French Fire
1%
Gluttony
1%
Greed
1%
Impenetrable
1%
Inaccessible
1%
Indefinite
1%
Indisputable
1%
Inexplicable
1%
Inhuman
1%
LET ME OUT
1%
Lust
1%
Maximum Misery
1%
Milkocious
1%
PingHell
1%
Playerbase
1%
Please do not the Cat
1%
Pride
1%
Prunsel
1%
Qhantr
1%
Rebirth Tails
1%
Reginald Copperbottom
1%
Regret
1%
Replay
1%
Sacred Cataclysmic Corruption Demon
1%
Sloth
1%
Soothing
1%
SpaceERROR
1%
Standard
1%
Straightforward
1%
TAILS SAW YOUR NFT
1%
TRANASANIC
1%
Transcendental Deletion
1%
Treble Clef
1%
True After
1%
Unfathomable
1%
Unforgiving Destruction
1%
Ungraspable
1%
Universal Reloaded
1%
UNKNOWN0
1%
UNPLAYABLE
1%
UNSCRIPTABLE
1%
UserDeath
1%
VANISH
1%
Wrath
1%
Ying
1%
Zilch
1%
Aerodynamic
0%
Aleph-Gibberish
0%
Collapsed Pleasantness
0%
Emoticon Transcendence
0%
French Southern and Antarctic Lands
0%
Gigachad: Redux
0%
Googolchime
0%
ImpossibIe
0%
Infeasable
0%
Infinite Impossibley Octagoat Null
0%
Insuperable
0%
Kasukdulan Stage 1
0%
Kasukdulan Stage 2
0%
LETHARGIC.png
0%
Painite
0%
Quizilizer
0%
TAILSWRATH
0%
The boifjrcnrfilse difilcukly
0%
Transcendental Boundary
0%
Turbulent
0%
UltuaXeotco
0%
No matching quizzes found
Score Distribution
Percent of People with Each Score
Percentile by Number Answered
Your Score History
You have not taken this quiz